000 00851pam a2200253 a 4500
001 3944586
003 OSt
005 20170224120257.0
008 931215s1995 maua 001 0 eng
010 _a 93048040
020 _a9781111569297
040 _aDLC
_cDLC
_dDLC
050 0 0 _aQA152.2
_b.B417 2012
082 0 0 _a512.9
_220
245 0 0 _aBeginning algebra :
_bConnecting Concepts through applications
_cMark Clark ... [et al.].
260 _aAustralia;
_bBrooks/Cole Pub. Co.,
_cc1995.
300 _axviii, 701, 36, 5 p. :
_bill. (some col.) ;
_c29 cm.
500 _aIncludes index.
650 0 _aAlgebra.
700 1 _aPerez, Gilbert.
906 _a7
_bcbc
_corignew
_d1
_eocip
_f19
_gy-gencatlg
942 _2lcc
_cBK
999 _c255690
_d255689